Transcultural nursing : (Record no. 25503)
[ view plain ]
| 000 -LEADER | |
|---|---|
| fixed length control field | 00930cam a22002775a 4500 |
| 001 - CONTROL NUMBER | |
| control field | 18907869 |
| 005 - DATE AND TIME OF LATEST TRANSACTION | |
| control field | 20171026110700.0 |
| 008 - FIXED-LENGTH DATA ELEMENTS--GENERAL INFORMATION | |
| fixed length control field | 151216t2017 moua frb 001 0 eng d |
| 020 ## - INTERNATIONAL STANDARD BOOK NUMBER | |
| International Standard Book Number | 9780323399920 |
| 040 ## - CATALOGING SOURCE | |
| Original cataloging agency | DNLM/DLC |
| Language of cataloging | eng |
| Transcribing agency | DLC |
| Modifying agency | DLC |
| -- | EG-ScBUE |
| -- | EG-ScBUE |
| 082 04 - DEWEY DECIMAL CLASSIFICATION NUMBER | |
| Classification number | 610.73 |
| Item number | TRA |
| Edition number | 22 |
| 130 0# - MAIN ENTRY--UNIFORM TITLE | |
| Uniform title | Transcultural nursing (Giger) |
| 245 10 - TITLE STATEMENT | |
| Title | Transcultural nursing : |
| Remainder of title | assessment & intervention / |
| Statement of responsibility, etc | [editor] Joyce Newman Giger. |
| 246 3# - VARYING FORM OF TITLE | |
| Title proper/short title | Transcultural nursing : |
| Remainder of title | assessment and intervention |
| 250 ## - EDITION STATEMENT | |
| Edition statement | 7th ed. |
| 260 ## - PUBLICATION, DISTRIBUTION, ETC. (IMPRINT) | |
| Place of publication, distribution, etc | Louis : |
| Name of publisher, distributor, etc | Elsevier, |
| Date of publication, distribution, etc | c.2017. |
| 300 ## - PHYSICAL DESCRIPTION | |
| Extent | xiii, 722 p. : |
| Other physical details | ill. ; |
| Dimensions | 24 cm. |
| 504 ## - BIBLIOGRAPHY, ETC. NOTE | |
| Bibliography, etc | Includes bibliographical references and index. |
| 650 #7 - SUBJECT ADDED ENTRY--TOPICAL TERM | |
| Topical term or geographic name as entry element | Transcultural nursing. |
| Source of heading or term | BUEsh |
| 9 (RLIN) | 36287 |
| 650 #7 - SUBJECT ADDED ENTRY--TOPICAL TERM | |
| Topical term or geographic name as entry element | Nursing assessment. |
| Source of heading or term | BUEsh |
| 9 (RLIN) | 20388 |
| 651 ## - SUBJECT ADDED ENTRY--GEOGRAPHIC NAME | |
| Source of heading or term | BUEsh |
| 653 ## - INDEX TERM--UNCONTROLLED | |
| Resource For college | Nursing |
| Arrived date list | October2017 |
| 655 ## - INDEX TERM--GENRE/FORM | |
| Form subdivision | Text book |
| -- | 33728 |
| 700 1# - ADDED ENTRY--PERSONAL NAME | |
| Personal name | Giger, Joyce Newman, |
| Relator term | editor. |
| 942 ## - ADDED ENTRY ELEMENTS (KOHA) | |
| Source of classification or shelving scheme | Dewey Decimal Classification |
| Withdrawn status | Item status | Source of classification or shelving scheme | Damaged status | Not for loan | Vendor | Home library | Current library | Shelving location | Date acquired | Source of acquisition | Cost, normal purchase price | Total Checkouts | Total Renewals | Full call number | Barcode | Date last seen | Date last borrowed | Koha item type |
|---|---|---|---|---|---|---|---|---|---|---|---|---|---|---|---|---|---|---|
| Dewey Decimal Classification | Baccah | Central Library | Central Library | First floor | 24/10/2017 | Purchase | 920.00 | 2 | 1 | 610.73 TRA | 000042248 | 15/07/2025 | 21/02/2022 | Book - Borrowing | ||||
| Dewey Decimal Classification | Baccah | Central Library | Central Library | First floor | 24/10/2017 | Purchase | 920.00 | 6 | 8 | 610.73 TRA | 000042220 | 15/07/2025 | 21/11/2023 | Book - Borrowing | ||||
| Dewey Decimal Classification | Baccah | Central Library | Central Library | First floor | 24/10/2017 | Purchase | 920.00 | 4 | 8 | 610.73 TRA | 000042221 | 15/07/2025 | 21/03/2022 | Book - Borrowing | ||||
| Dewey Decimal Classification | Baccah | Central Library | Central Library | First floor | 24/10/2017 | Purchase | 4 | 15 | 610.73 TRA | 000042222 | 15/07/2025 | 17/02/2022 | Book - Borrowing | |||||
| Dewey Decimal Classification | Baccah | Central Library | Central Library | First floor | 26/10/2017 | Purchase | 610.73 TRA | 000042249 | 15/07/2025 | NB - Book (Non borrowing) |